Structural engineering for architects : (Record no. 19139)
[ view plain ]
| 000 -LEADER | |
|---|---|
| fixed length control field | 00886pam a2200265 i 4500 |
| 001 - CONTROL NUMBER | |
| control field | 016429814 |
| 003 - CONTROL NUMBER IDENTIFIER | |
| control field | OSt |
| 005 - DATE AND TIME OF LATEST TRANSACTION | |
| control field | 20150330131910.0 |
| 008 - FIXED-LENGTH DATA ELEMENTS--GENERAL INFORMATION | |
| fixed length control field | 130425s2013 enka b 001 0 eng|d |
| 020 ## - INTERNATIONAL STANDARD BOOK NUMBER | |
| International Standard Book Number | 9781780670553 (pbk.) |
| 040 ## - CATALOGING SOURCE | |
| Original cataloging agency | StDuBDS |
| Transcribing agency | StDuBDS |
| Modifying agency | Uk |
| -- | EG-ScBUE |
| 082 00 - DEWEY DECIMAL CLASSIFICATION NUMBER | |
| Classification number | 624.1023 |
| Edition number | 22 |
| Item number | SIL |
| 100 1# - MAIN ENTRY--PERSONAL NAME | |
| Personal name | Silver, Pete |
| Titles and other words associated with a name | (Architect) |
| 9 (RLIN) | 37546 |
| 245 10 - TITLE STATEMENT | |
| Title | Structural engineering for architects : |
| Remainder of title | a handbook / |
| Statement of responsibility, etc | Pete Silver, Will McLean, Peter Evans. |
| 260 ## - PUBLICATION, DISTRIBUTION, ETC. (IMPRINT) | |
| Place of publication, distribution, etc | London : |
| Name of publisher, distributor, etc | Laurence King Publishing, |
| Date of publication, distribution, etc | 2013. |
| 300 ## - PHYSICAL DESCRIPTION | |
| Extent | 208 p. : |
| Other physical details | photographs ; |
| Dimensions | 28 cm. |
| 500 ## - GENERAL NOTE | |
| General note | Index : p. 204-207. |
| 504 ## - BIBLIOGRAPHY, ETC. NOTE | |
| Bibliography, etc | Bibliography : p. 202-203. |
| 650 #0 - SUBJECT ADDED ENTRY--TOPICAL TERM | |
| Topical term or geographic name as entry element | Structural engineering. |
| 9 (RLIN) | 5305 |
| 653 ## - INDEX TERM--UNCONTROLLED | |
| Resource For college | Engineering, Architecture |
| -- | Engineering, General |
| Arrived date list | March2015 |
| 655 ## - INDEX TERM--GENRE/FORM | |
| Form subdivision | |
| -- | 34232 |
| 700 1# - ADDED ENTRY--PERSONAL NAME | |
| Personal name | McLean, William |
| Fuller form of name | (William F.) |
| 9 (RLIN) | 37547 |
| 700 1# - ADDED ENTRY--PERSONAL NAME | |
| Personal name | Evans, Peter. |
| 9 (RLIN) | 37548 |
| 942 ## - ADDED ENTRY ELEMENTS (KOHA) | |
| Source of classification or shelving scheme | Dewey Decimal Classification |
| Call number prefix | 624.1023 SIL |
| Withdrawn status | Item status | Source of classification or shelving scheme | Damaged status | Not for loan | Vendor | Home library | Current library | Shelving location | Date acquired | Source of acquisition | Cost, normal purchase price | Serial Enumeration / chronology | Total Checkouts | Full call number | Barcode | Date last seen | Date last borrowed | Cost, replacement price | Koha item type |
|---|---|---|---|---|---|---|---|---|---|---|---|---|---|---|---|---|---|---|---|
| Dewey Decimal Classification | Alahram | Central Library | Central Library | First floor | 30/03/2015 | 287.00 | 323 | 1 | 624.1023 SIL | 000037868 | 15/07/2025 | 07/04/2015 | 358.75 | Book - Borrowing |